000 00992cam a22002893a 4500
001 16679
003 PGUSA
005 20140828083345.0
008 050910s2005||||xxu|||||s|||||000 | eng d
040 _aPGUSA
_beng
042 _adc
050 4 _aDA
100 1 _aTout, T. F.
_q(Thomas Frederick),
_d1855-1929
245 1 4 _aThe History of England :
_bFrom the Accession of Henry III. to the Death of Edward III. (1216-1377)
_h[electronic resource] /
_cT. F. Tout
260 _bProject Gutenberg,
_c2005
506 _aPublic domain in the USA.
516 _aElectronic text
653 _aGreat Britain -- History -- 14th century
653 _aGreat Britain -- History -- 13th century
653 _aPlantagenet, House of
653 _aGreat Britain -- History -- Plantagenets, 1154-1399
700 1 _aHunt, William,
_d1842-1931
700 1 _aPoole, Reginald Lane,
_d1857-1939
830 0 _aProject Gutenberg
_v16679
856 4 0 _uhttp://www.gutenberg.org/ebooks/16679
942 _cEB
999 _c245934
_d245934